| 000 | 00830nam a2200265 i 4500 | ||
|---|---|---|---|
| 001 | bg | ||
| 003 | BPK | ||
| 005 | 20191028095223.0 | ||
| 008 | 980702s1996 pl a f |000 0 pol | ||
| 015 | _aPB 1996/16105 | ||
| 020 | _a8390485559 | ||
| 040 |
_aWA N _cBPK |
||
| 080 | _a005 | ||
| 080 | _a(07) | ||
| 100 | 1 |
_aMartyniak, Zbigniew _d(1936-2002) _eAutor |
|
| 245 | 1 | 0 |
_aOrganizacja i zarządzanie : _b60 problemów teorii i praktyki / _cZbigniew Martyniak. |
| 260 |
_aKluczbork : _bDrukarnia "Antykwa", _c1996. |
||
| 300 |
_a324 s. : _brys., wykr. ; _c25 cm. |
||
| 504 | _aBibliogr przy rozdz. | ||
| 650 | 4 | _aOrganizacja | |
| 650 | 4 | _aZarządzanie | |
| 655 | 4 | _aPodręcznik | |
| 856 |
_uhttp://koha.tu.koszalin.pl/cgi-bin/koha/opac-detail.pl?biblionumber=32964 _yKatalog online BPK |
||
| 942 |
_2UKD _cKS |
||
| 999 |
_c32964 _d32964 |
||